LIBRARY & INFORMATION CENTRE, KCAET, TAVANUR

ONLINE PUBLIC ACCESS CATALOGUE (OPAC)

Nalini / (Record no. 5022)

MARC details
000 -LEADER
fixed length control field 00421cam a2200181ua 4500
041 ## - LANGUAGE CODE
Language code of text/sound track or separate title mal
082 ## - DEWEY DECIMAL CLASSIFICATION NUMBER
Classification number 894.8121
Item number KUM/NA
100 ## - MAIN ENTRY--AUTHOR NAME
Personal name Kumaranasan, .
245 ## - TITLE STATEMENT
Title Nalini /
260 ## - PUBLICATION, DISTRIBUTION, ETC. (IMPRINT)
Place of publication Thonnakkal :
Name of publisher Sarada Book Depot ,
Year of publication 1969.
300 ## - PHYSICAL DESCRIPTION
Number of Pages 133 ; .
942 ## - ADDED ENTRY ELEMENTS (KOHA)
Koha item type Books
Holdings
Withdrawn status Lost status Damaged status Home library Current library Date acquired Full call number Accession Number Koha item type Cost, normal purchase price
      KAUAET KAUAET 07/04/2012 894.8121 12931 Books  
Withdrawn     KAUAET KAUAET 07/04/2012 894.8121 4269 Books 1.00
free website counter